LDR 00651naa#a2200181#i#450# 001 EN\\bibl\122113 005 20260515172424.5 011 ## _a1998-6785 100 ## _a20230621b2023####ek#y0engy0150####ca 102 ## _aRU 200 1# _aInstitutionalization of think tanks in Vietnam and their role in public policy. Part 1 _eJournal article 210 1# _aVladivostok _cVladivostok State University _d2023 215 ## _a13 с. 608 ## _aJournal article _2local 675 ## _aОрганизация исследования. Процесс исследования. 303.8 _z 700 #1 _aVoitov _gSemyon A. 700 #1 _aZhurbey _gEvgeny Viktorovich 856 4# _aojkum.editorum.ru _u